Responses for Show #3802 - Tuesday, February 27, 2001

Contestants

[<< previous game]

Darren Millam, a customer service representative originally from Kansas City, Missouri

Jennifer Fall, an English teacher from Port Chester, New York

Sid Moore Jr., a human rights investigator from Eugene, Oregon (whose 3-day cash winnings total $5,199)

[next game >>]

Jeopardy! Round responses

PRESIDENTIAL DEMISES
DEVILISH MOVIES
MYTHELLANEOUS
FAST CARS
LET'S PUT ON AN OPERA!
"NO" WAY
    $100 1
John F. Kennedy

Jennifer
    $100 7
Elizabeth Hurley

Jennifer
    $100 21
Troy

Sid
    $100 12
Beetle

Sid
    $100 26
Overture

Jennifer
    $100 2
Noodle

Darren
    $200 3
Herbert Hoover

Darren
    $200 8
The Exorcist

Sid
    $200 22
Odysseus

Sid
    $200 13
Jaguar

Triple Stumper
    $200 27
Spear carrier

Triple Stumper
    $200 14
Nodding

Darren
    $200 4
Ulysses S. Grant

Darren
    $300 9
Stephen King

Sid
    $300 23
Hera

Sid
    $300 15
Audi

Triple Stumper
    $300 28
Orchestra pit

Sid
    $300 17
North Sea

Darren
    $400 5
William Howard Taft

Sid
    $400 10
Rosemary's Baby

Sid
    $400 24
Pegasus

Sid
    $400 16
Ferrari

Jennifer
    $400 29
Baritone

Darren
    $400 18
Nogales

Darren
    $500 6
"Our American Cousin"

Sid
    $500 11
The Devil's Advocate

Darren
    $500 25
Argo

Darren
    $500 19
(D: What is a Porsche 911?)

Porsche Boxster

Darren
Triple Stumper
    $500 30
(Sid: What is bella donna?)

prima donna

Sid
Triple Stumper
    $500 20
Noguchi

Darren

Scores at the first commercial break (after clue 14):

Sid Jennifer Darren
$1,900 $200 $1,200

Scores at the end of the Jeopardy! Round:

Sid Jennifer Darren
$2,700 $700 $2,800

Double Jeopardy! Round responses

NOVEL TRILOGIES
SHOW TUNES
BREAK OUT THE ATLAS
NOBEL PEACE PRIZE WINNERS
THE JAMES GANG
NEW ASTROLOGY?
(Alex: We have created a new astrology using some Latin words.)
    $200 24
(Alex: With a minute to go.)

Robert the Bruce

Triple Stumper
    $200 25
"Fiddler on the Roof"

Jennifer
    $200 3
France

Darren
    $200 27
Nelson Mandela

Jennifer
    $200 19
James Brady

Darren
    $200 2
Pig

Darren
    $400 10
Mill

Jennifer
    $400 1
"Tommy"

Sid
    $400 4
Georgia

Darren
    $400 26
Lech Walesa

Sid
    $400 20
James Carville

Sid
    $400 14
Deer

Sid
    $600 11
Karel Capek

Triple Stumper
    $600 6
"South Pacific"

Jennifer
    $600 5
Canada

Jennifer
    $2,500 28
(Jennifer: Who is James Carter?)

Teddy Roosevelt or Woodrow Wilson

Jennifer
    $600 21
James Cameron

Sid
    $600 16
Fox

Darren
    $800 12
"U.S.A."

Triple Stumper
    $800 7
"Jesus Christ Superstar"

Darren
    $800 8
The Ukraine

Jennifer
    $800 29
(Darren: What is El Salvador?)
...
[The end-of-round signal sounds.]

Guatemala

JenniferDarren
    $800 22
P.D. James

Jennifer
    $800 18
Bee

Sid
    $1000 13
Frank Norris

Triple Stumper
    $1,500 9
(Jennifer: What is Gypsy?)

La Cage aux Folles

Jennifer
    $1000 15
(Jennifer: What is Lesotho?)

Namibia (Namib Desert)

Jennifer
Triple Stumper
    $1000 23
Etta James

Darren
    $1000 17
Ape

Jennifer

Scores at the end of the Double Jeopardy! Round:

Sid Jennifer Darren
$5,700 $1,100 $5,400

[wagering suggestions for these scores]

Final Jeopardy! Round responses

BRAND NAMES
JenniferWhat is coca-cola?
$1,050
DarrenWhat is Coca-Cola?
$3,199
SidWhat is Coca-Cola?
$5,101
Coca-Cola

Final scores:

Sid Jennifer Darren
$10,801 $2,150 $8,599
4-day champion: $16,000 3rd place: Meade ETX90 Telescope 2nd place: Trip to Sydney, Australia courtesy of Priceline.com

Game dynamics:

Coryat scores:

Sid Jennifer Darren
$5,700 $5,100 $5,500
17 R,
1 W
13 R,
3 W
(including 2 DDs)
17 R
(including 1 DD),
2 W

Combined Coryat: $16,300

[game clues] [game scores] [suggest correction]

Game tape date: 2000-11-28
The J! Archive is created by fans, for fans. Scraping, republication, monetization, and malicious use prohibited; this site may use cookies and collect identifying information. See terms. The Jeopardy! game show and all elements thereof, including but not limited to copyright and trademark thereto, are the property of Jeopardy Productions, Inc. and are protected under law. This website is not affiliated with, sponsored by, or operated by Jeopardy Productions, Inc. Join the discussion at JBoard.tv.